Normal view
MARC view
- Talha Irshad | Zaid Ali Basharat
Entry Personal Name
001 - CONTROL NUMBER
- control field: 5443
003 - CONTROL NUMBER IDENTIFIER
- control field: NUST
005 - DATE AND TIME OF LATEST TRANSACTION
- control field: 20171013110517.0
008 - FIXED-LENGTH DATA ELEMENTS
- fixed length control field: 171013|| aca||aabn | a|a d
040 ## - CATALOGING SOURCE
- Original cataloging agency: NUST
- Transcribing agency: NUST
100 ## - HEADING--PERSONAL NAME
- Personal name: Talha Irshad | Zaid Ali Basharat
670 ## - SOURCE DATA FOUND
- Source citation: Work cat.: (NUST): Talha Irshad | Zaid Ali Basharat, Real time defect detection in fabrics, 2017
